| 000 | 01082nam a22002657a 4500 | ||
|---|---|---|---|
| 999 |
_c5673 _d5673 |
||
| 003 | OSt | ||
| 005 | 20251014084930.0 | ||
| 008 | 251014b ||||| |||| 00| 0 eng d | ||
| 020 |
_a9781474915083 _qbook set |
||
| 040 | _cKH8 | ||
| 082 | _aFIC NES | ||
| 100 |
_aNesbit, Edith, _d1858-1924 _eauthor. |
||
| 245 |
_aThe Railway Children / _cEdith Nesbit ; adapted by Mary Sebag-Montefiore ; illustrated by Alan Marks. |
||
| 260 |
_aEngland ; _bUsborne Publishing Ltd, _c2007. |
||
| 300 |
_a64 pages : _bcolour illustrations ; _c20 cm. |
||
| 490 |
_aUsborne Young Reading _vseries two |
||
| 520 | _aWhen their father mysteriously disappears, Bobbie, Peter and Phyllis' lives change overnight. They have to leave London for the country, but every day they wave at the London train, sending their love to Father. Will he ever come back? | ||
| 650 |
_aEasy reading _vfiction |
||
| 650 |
_aStory book _vfiction |
||
| 650 | _aYoung readers | ||
| 700 |
_aSebag-Montefiore, Mary, _eadaptor. |
||
| 700 |
_aMarks, Alan, _eillustrator. |
||
| 830 | _aUsborne Young Reading | ||
| 942 |
_2ddc _cFIC |
||